Over : (Registro nro. 51164)
[ vista simple ]
| 000 -CABECERA | |
|---|---|
| campo de control de longitud fija | 00858nam a2200265 a 4500 |
| 003 - IDENTIFICADOR DEL NÚMERO DE CONTROL | |
| campo de control | DO-SdBNP |
| 005 - FECHA Y HORA DE LA ÚLTIMA TRANSACCIÓN | |
| campo de control | 20220114090505.0 |
| 008 - DATOS DE LONGITUD FIJA--INFORMACIÓN GENERAL | |
| campo de control de longitud fija | 220113e1992 dr ||||gr|||| 00| f spa d |
| 040 ## - FUENTE DE LA CATALOGACIÓN | |
| Centro catalogador/agencia de origen | DO-SdBNP |
| Lengua de catalogación | spa |
| Centro/agencia transcriptor | BNPHU |
| 082 4# - NÚMERO DE LA CLASIFICACIÓN DECIMAL DEWEY | |
| Número de edición | 22 |
| Número de clasificación | RD863.42 |
| Número de documento/Ítem | M358o, 1992 |
| 100 1# - ENTRADA PRINCIPAL--NOMBRE DE PERSONA | |
| Nombre de persona | Marrero Aristy, Ramón, |
| Fechas asociadas al nombre | 1913-1959 |
| 9 (RLIN) | 22324 |
| 245 10 - MENCIÓN DE TÍTULO | |
| Título | Over : |
| Mención de responsabilidad, etc. | Ramón Marrero Aristy. |
| Resto del título | novela / |
| 250 ## - MENCIÓN DE EDICIÓN | |
| Mención de edición | 15a. ed. |
| 260 ## - PUBLICACIÓN, DISTRIBUCIÓN, ETC. | |
| Lugar de publicación, distribución, etc. | Santo Domingo : |
| Nombre del editor, distribuidor, etc. | Taller, |
| Fecha de publicación, distribución, etc. | 1992 |
| 300 ## - DESCRIPCIÓN FÍSICA | |
| Extensión | 224 p. ; |
| Dimensiones | 21 cm. |
| 490 ## - MENCIÓN DE SERIE | |
| Mención de serie | Biblioteca Taller ; |
| Designación de volumen o secuencia | 14 |
| 500 ## - NOTA GENERAL | |
| Nota general | Incluye datos biográficos del autor. |
| 590 ## - NOTA LOCAL (RLIN) | |
| Nota local | Inventariado, 2022 / MF |
| 650 #0 - PUNTO DE ACCESO ADICIONAL DE MATERIA--TÉRMINO DE MATERIA | |
| 9 (RLIN) | 78813 |
| Término de materia o nombre geográfico como elemento de entrada | Literatura |
| Subdivisión geográfica | República Dominicana |
| 650 #0 - PUNTO DE ACCESO ADICIONAL DE MATERIA--TÉRMINO DE MATERIA | |
| 9 (RLIN) | 53269 |
| Término de materia o nombre geográfico como elemento de entrada | Novela Dominicana |
| Subdivisión cronológica | Siglo XIX |
| 650 #0 - PUNTO DE ACCESO ADICIONAL DE MATERIA--TÉRMINO DE MATERIA | |
| Término de materia o nombre geográfico como elemento de entrada | Novelas |
| Subdivisión geográfica | República Dominicana |
| 9 (RLIN) | 80933 |
| 830 ## - PUNTO DE ACCESO ADICIONAL DE SERIE-TÍTULO UNIFORME | |
| Título uniforme | Biblioteca Taller ; |
| Lenguaje de la obra | spa |
| Número de parte o sección de la obra | 14 |
| 9 (RLIN) | 80929 |
| 910 ## - DATOS DE OPCIÓN DEL USUARIO (OCLC) | |
| Datos de opción del usuario | MFéliz |
| 942 ## - ELEMENTOS DE PUNTO DE ACCESO ADICIONAL (KOHA) | |
| Fuente del sistema de clasificación o colocación | Dewey Decimal Classification |
| Tipo de ítem Koha | Libro |
| Estado de retiro | Estado de pérdida | Fuente del sistema de clasificación o colocación | Restricciones de uso | No para préstamo | Código de colección | Localización permanente | Ubicación/localización actual | Ubicación en estantería | Fecha de adquisición | Fuente de adquisición | Total de préstamos | Signatura topográfica completa | Código de barras | Fecha visto por última vez | Precio válido a partir de | Tipo de ítem Koha |
|---|---|---|---|---|---|---|---|---|---|---|---|---|---|---|---|---|
| Dewey Decimal Classification | Excluido de préstamo | Patrimonio Dominicano | Biblioteca Nacional Pedro Henríquez Ureña | Patrimonio Dominicano | Depósito | 13.07.2018 | Donado por CERTV | RD863.42 M358o, 1992 | 2022-0080 | 13.01.2022 | 13.01.2022 | Libro |
